| 000 | 01631cam a22004454i 4500 | ||
|---|---|---|---|
| 003 | PE-LiUPU | ||
| 005 | 20250731173256.0 | ||
| 008 | 150625s1979 bl a rb 000 0 spa d | ||
| 035 | _a(Sirsi) a35767 | ||
| 040 |
_aPE-LiUPU _bspa _cPE-LiUPU _erda |
||
| 082 | 0 | 4 |
_a264 _bS23 _221 |
| 100 | 1 |
_aSarli, Joel, _eautor. |
|
| 245 | 1 | 0 |
_aDinámica Da Liturgía Adventista / _cJoel Sarli. |
| 264 | 1 |
_aSao Paulo : _b[s/ed.], _c1979. |
|
| 300 |
_a129 pag. : _bilustraciones ; _c32 centímetros |
||
| 336 |
_atext _2rdacontent |
||
| 337 |
_aunmediated _2rdamedia |
||
| 338 |
_avolume _2rdacarrier |
||
| 504 | _aIncluye bibliografía. | ||
| 505 | 0 | _aUna breve história do culto -- A mensagem Adventista, Un chamado a restauracao do culto -- Os objetivos do culto -- Definindo o culto -- Elementos componentes do culto. | |
| 526 | _aSEG42 | ||
| 526 | _aSEG41 | ||
| 526 | _aSEG40 | ||
| 526 | _aSEG39 | ||
| 526 | _aP94 | ||
| 526 | _aP87 | ||
| 526 | _aP86 | ||
| 526 | _aP85 | ||
| 526 | _aP77 | ||
| 526 | _aP76 | ||
| 526 | _aP35 | ||
| 650 | 0 | 4 |
_aCulto y Adoración _xIASD. |
| 650 | 0 | 4 |
_aCulto Divino _xReferencias históricas. |
| 650 | 0 | 4 | _aMúsica en el culto y adoración. |
| 942 |
_2ddc _cBOOK |
||
| 949 |
_a264 S23 _wDEWEY _c1 _i50970 _lCCODEBUL1 _mBUL _p25.00 _r0 _sY _tBOOK _u2015-06-25 _xBIBLIOTECA _zUNKNOWN _0COMPRA _o.STAFF. Colección Teología |
||
| 596 | _a1 | ||
| 999 |
_a264 S23 _wDEWEY _c43767 _i50970 _d43767 _e2015-10-5 _f2021-11-10 _g5 _lCCODEBUL1 _mBUL _n1 _p25.00 _q4 _r0 _sY _tBOOK _u2015-6-25 _xTEOLOGIA _PP35 _0COMPRA _o.STAFF. Colección Teología |
||
| 980 |
_81 _gALBERTO SANCHEZ Responsable de Automatización |
||